Corporate financial statements ; proceedings of the Accounting institute, 1940 /

Bibliographic Details
Corporate Author: Accounting Institute
Other Authors: Kester, Roy Bernard, 1882-, Inghram, Howell Arthur
Format: Book
Language:English
Published: New York : Columbia university press, 1940.
Subjects:

MARC

Tag First Indicator Second Indicator Subfields
LEADER 00000cam a2200000 4500
001 in00000451321
005 20151012092019.0
008 770914s1940 nyuak 00000 eng
010 |a  40029718  
035 |a (OCoLC)03264519 
035 |9 ABY6557AM 
040 |a DLC  |c OCP  |d TXA  |d UtOrBLW 
049 |a TXAM  |c 1 [102228]  |c 2 [263056] 
050 0 |a HG4028.B2  |b A3 
082 0 |a 658.15 
110 2 |a Accounting Institute  |d (1940 :  |c Columbia University) 
245 1 0 |a Corporate financial statements ;  |b proceedings of the Accounting institute, 1940 /  |c edited by Roy B. Kester [and] Howell A. Inghram. 
264 1 |a New York :  |b Columbia university press,  |c 1940. 
300 |a viii, 177 pages including diagram, forms. ;  |c 24 cm. 
336 |a text  |b txt  |2 rdacontent 
337 |a unmediated  |b n  |2 rdamedia 
338 |a volume  |b nc  |2 rdacarrier 
650 0 |a Financial statements. 
650 0 |a Corporations  |x Accounting. 
700 1 |a Kester, Roy Bernard,  |d 1882- 
700 1 |a Inghram, Howell Arthur. 
999 |a MARS 
999 f f |s 870607b9-00d3-3eeb-9a66-71ee55f7cdd8  |i 3581854f-289a-3ffd-9821-eef3b016c817  |t 0 
952 f f |p ric  |a Texas A&M University  |b Rellis Campus  |c Joint Library Facility  |d Remote Storage  |t 0  |e HG4028.B2 A3  |h Library of Congress classification  |i unmediated -- volume  |m A14802879614 
998 f f |a HG4028.B2 A3  |t 0  |l Remote Storage